LEADER 01621nam--2200457---450- 001 990001150540203316 005 20090120125901.0 010 $a88-386-2973-0 035 $a000115054 035 $aUSA01000115054 035 $a(ALEPH)000115054USA01 035 $a000115054 100 $a20030603h2003----km-y0enga50------ba 101 $aita 102 $aIT 105 $aa|||||||001yy 200 1 $a<> basi farmacologiche della terapia$fGoodman & Gilman$gedizione italiana a cura di Cesare Sirtori ... [et al.] 205 $a10. ed$feditors Joel G. Hardman, Lee E. Limbird$gconsulting editor Alfred Goodman Gilman 210 $aMilano$cMcGraw-Hill$dcopyr. 2003 215 $a1 v. (paginazione varia)$cill.$d28 cm 454 1$12001$aGoodman & Gilman's the pharmacological basis of therapeutics$913795 606 0 $aFarmacologia 606 0 $aTerapeutica 676 $a615.7 700 1$aGOODMAN,$bLouis Sanford$090069 701 1$aGILMAN,$bAlfred$0445099 702 1$aSIRTORI,$bCesare 801 0$aIT$bsalbc$gISBD 912 $a990001150540203316 951 $a615.7 GOO$b3954 Farm.$c615.7$d00131572 951 $a615.7 GOO (B)$b3985 Farm.$c615.7$d00123542 951 $a615.7 GOO (C)$b3986 Farm.$c615.7$d00123537 959 $aBK 969 $aFAR 979 $aMARIA$b10$c20030603$lUSA01$h1128 979 $aPATRY$b90$c20040406$lUSA01$h1720 979 $aANNASEN$b90$c20050308$lUSA01$h1726 979 $aRENATO$b90$c20050503$lUSA01$h1522 979 $aPAOLA$b90$c20090120$lUSA01$h1259 996 $aGoodman & Gilman's the pharmacological basis of therapeutics$913795 997 $aUNISA LEADER 04889nam 2201297z- 450 001 9910557659903321 005 20210501 035 $a(CKB)5400000000044907 035 $a(oapen)https://directory.doabooks.org/handle/20.500.12854/68621 035 $a(oapen)doab68621 035 $a(EXLCZ)995400000000044907 100 $a20202105d2020 |y 0 101 0 $aeng 135 $aurmn|---annan 181 $ctxt$2rdacontent 182 $cc$2rdamedia 183 $acr$2rdacarrier 200 00$aRecent Technical Developments in Energy-Efficient 5G Mobile Cells 210 $aBasel, Switzerland$cMDPI - Multidisciplinary Digital Publishing Institute$d2020 215 $a1 online resource (292 p.) 311 08$a3-03936-212-7 311 08$a3-03936-213-5 330 $aThis book addresses the true innovation in engineering design that may be promoted by blending together models and methodologies from different disciplines, and, in this book, the target was exactly to follow this approach to deliver a new disruptive architecture to deliver these next-generation mobile small cell technologies. According to this design philosophy, the work within this book resides in the intersection of engineering paradigms that includes "cooperation", "network coding", and "smart energy-aware frontends". These technologies will not only be considered as individual building blocks, but re-engineered according to an inter-design approach resulting in the enabler for energy efficient femtocell-like services on the move. The book aims to narrow the gap between the current networking technologies and the foreseen requirements that are targeted at the future development of the 5G mobile and wireless communications networks in terms of the higher networking capacity, the ability to support more users, the lower cost per bit, the enhanced energy efficiency, and adaptability to new services and devices (for example, smart cities, and the Internet of things (IoT)). 606 $aHistory of engineering and technology$2bicssc 610 $a4G 610 $a5G 610 $a5G antenna 610 $a5G technology 610 $a5G, 4/4.5G 610 $aacceleration procedure 610 $aarc-shaped 610 $achannel capacity loss (CCL) 610 $achiral 610 $acomplex propagation constant 610 $acooperative NOMA 610 $aCPW-fed antenna 610 $aCR 610 $adispersion characteristics 610 $adiversity antenna 610 $aDoherty power amplifier 610 $adual-band 610 $adual-band Doherty power amplifier 610 $aenergy harvesting 610 $aenvelope correlation coefficient (ECC) 610 $aergodic capacity 610 $afrequency reconfigurable 610 $afull-duplex 610 $afull-GEMT 610 $afuture smartphones 610 $aGaN-HEMT 610 $ahalf-duplex 610 $ahigh efficiency 610 $aHigh power amplifiers 610 $ahigh-efficiency 610 $aimpedance inverter network 610 $ainterference 610 $aISM 610 $aISM 2.4 GHz 610 $aisolation 610 $aLTE 610 $aLTE-advanced 610 $amaximum transmit power 610 $amedical applications 610 $aMEMSs 610 $amicrostrip 610 $amicrowave filter 610 $aMIMO 610 $aMIMO antenna 610 $aMIMO systems 610 $aminiaturized antenna 610 $amobile terminal antenna 610 $amonopole antenna 610 $aMuller's method 610 $amulti-points DF relaying nodes 610 $amultilayer CPW structure 610 $amultiple antenna 610 $an/a 610 $aNakagami-m fading channels 610 $aNOMA 610 $anon-linear energy harvesting 610 $anon-orthogonal multiple access 610 $aopen-loop power control 610 $aoutage probability 610 $apatch antenna 610 $apattern reconfigurable 610 $aphase compensation network 610 $aphase offset lines 610 $aRayleigh fading channels 610 $areconfigurable antenna 610 $as-parameters 610 $aS-parameters 610 $aslot antenna 610 $asmall cell 610 $aswitch 610 $aTellegen 610 $atransmit antenna selection 610 $atuneable filter 610 $aUE 610 $aUWB 610 $avaractor 610 $aWiFi 610 $aWiMAX 610 $awireless communications 610 $aWLAN 615 7$aHistory of engineering and technology 700 $aAbd-Alhameed$b Raed A$4edt$01311920 702 $aAbd-Alhameed$b Raed A$4oth 906 $aBOOK 912 $a9910557659903321 996 $aRecent Technical Developments in Energy-Efficient 5G Mobile Cells$93030562 997 $aUNINA